| 000 | 00000nas##2200000za#4500 |
| 001 | 9.514941 |
| 003 | CaOODSP |
| 005 | 20200325130933 |
| 007 | ta |
| 008 | 150406c1991||||xxc|| m #||||f| |0eng|d |
| 040 | |aCaOODSP|beng |
| 043 | |an-cn--- |
| 086 | 1 |aZ1-1991/1-11-1E |
| 110 | 1 |aCanada.|bRoyal Commissions. |bRoyal Commission on Aboriginal Peoples. |
| 245 | 10|aPublic hearings / |cJoint Chairmen: René Dussault and Georges Erasmus. |
| 260 | |aOttawa - Ontario : |bRoyal Commissions. |
| 500 | |aCanadian cataloguing in publication data printed in these publications. |
| 520 | 3 |aEstablished in 1991, the Royal Commission on Aboriginal Peoples was committed to building a new relationship between Canada's Aboriginal and non-Aboriginal peoples by resolving long-standing concerns. The Commission's mandate encompassed a broad cross-section of topics including socio-cultural affairs, governance and self-determination, land and the economy, and the special concerns of Canada's northern and Métis populations. |
| 563 | |aSoftcover |
| 720 | 1 |aDussault, René |
| 720 | 1 |aErasmus, Georges |
| 775 | 08|tPublic hearings / |w(CaOODSP)9.509776 |
| 775 | 08|tAudiences publiques / |w(CaOODSP)9.509777 |
| 775 | 08|tAudiences publiques / |w(CaOODSP)9.513275 |